[Event "EU-chT (Women) 24th"]
[Site "Budva"]
[Date "2023.11.19"]
[Round "8.15"]
[White "Machlik, Monika"]
[Black "Stojkovska, Monika"]
[Result "1/2-1/2"]
[WhiteElo "2081"]
[BlackElo "2047"]
[PlyCount "84"]
[EventDate "2023.11.11"]
[EventType "team-swiss"]
[EventRounds "9"]
[EventCountry "MNE"]
[SourceTitle "CB47_2023"]
[SourceDate "2023.11.22"]
[SourceVersion "1"]
[SourceVersionDate "2023.11.22"]
[SourceQuality "1"]
[WhiteTeam "Norway (W)"]
[BlackTeam "North Macedonia (W)"]
[WhiteTeamCountry "NOR"]
[BlackTeamCountry "MKD"]

1. d4 d5 2. c4 dxc4 3. Nf3 a6 4. a4 e6 5. e4 c5 6. Bxc4 cxd4 7. Qxd4 Qxd4 8. Nxd4 Bc5 9. Nb3 Ba7 10. Nc3 Nc6 11. 0-0 Nf6 12. Bg5 Bd7 13. Rfd1 Ne5 14. Be2 Bc6 15. Bb5 0-0 16. Bxc6 bxc6 17. Nd4 Rfd8 18. Nf3 Nxf3+ 19. gxf3 e5 20. Kf1 h6 21. Bxf6 gxf6 22. Rxd8+ Rxd8 23. Rd1 Bd4 24. Ne2 c5 25. b3 Rb8 26. Rd3 Rb4 27. f4 Kf8 28. fxe5 fxe5 29. Nxd4 cxd4 30. f4 f6 31. fxe5 fxe5 32. Rh3 Ke7 33. Ke2 a5 34. Kd2 Rb6 35. Rh5 Re6 36. Kd3 Kd6 37. Kc4 Kc6 38. Rf5 Rd6 39. Kd3 Re6 40. Kc4 Rd6 41. Kd3 Re6 42. Kc4 Rd6 1/2-1/2

[Event "Fagernes op-A"]
[Site "Fagernes"]
[Date "2023.04.07"]
[Round "7"]
[White "Machlik, Monika"]
[Black "Unneland, Mathias"]
[Result "1/2-1/2"]
[WhiteElo "2136"]
[BlackElo "2188"]
[PlyCount "48"]
[EventDate "2023.04.02"]
[EventType "swiss"]
[EventRounds "9"]
[EventCountry "NOR"]
[SourceTitle "CBM 213 Extra"]
[Source "ChessBase"]
[SourceDate "2023.05.31"]
[SourceVersion "1"]
[SourceVersionDate "2023.05.31"]
[SourceQuality "1"]

1. d4 g6 2. c4 Bg7 3. Nc3 c5 4. d5 Bxc3+ 5. bxc3 e5 6. e4 d6 7. Bd3 Nd7 8. Ne2 h5 9. 0-0 Qe7 10. Qc2 h4 11. Kh1 Nh6 12. Bd2 g5 13. Qc1 f6 14. Ng1 Nf8 15. Be2 Qh7 16. Qb1 Rg8 17. Qb5+ Kd8 18. Qa5+ b6 19. Qa4 Bd7 20. Qa6 Kc7 21. a4 Bc8 22. Qb5 Bd7 23. Qa6 Bc8 24. Qb5 Bd7 1/2-1/2

[Event "NOR-ch Rapid"]
[Site "Drammen"]
[Date "2023.01.07"]
[Round "4"]
[White "Hobber, Anders"]
[Black "Machlik, Monika"]
[Result "1/2-1/2"]
[WhiteElo "2371"]
[BlackElo "2117"]
[PlyCount "123"]
[EventDate "2023.01.07"]
[EventType "swiss (rapid)"]
[EventRounds "10"]
[EventCountry "NOR"]
[SourceTitle "CBM 212 Extra"]
[Source "ChessBase"]
[SourceDate "2023.03.31"]
[SourceVersion "1"]
[SourceVersionDate "2023.03.31"]
[SourceQuality "1"]

1. d4 Nf6 2. Nf3 e6 3. e3 c5 4. Bd3 d5 5. 0-0 Bd6 6. dxc5 Bxc5 7. Nbd2 0-0 8. e4 dxe4 9. Nxe4 Be7 10. Qe2 Nc6 11. Rd1 Qc7 12. c3 Bd7 13. Bg5 Nxe4 14. Bxe4 Bxg5 15. Nxg5 g6 16. Qe3 Rad8 17. Qc5 e5 18. Rd3 Qb6 19. Qxb6 axb6 20. Rad1 Bc8 21. Bxc6 Rxd3 22. Rxd3 bxc6 23. Rd6 Bb7 24. Rd7 Ba8 25. Ne4 Kg7 26. Kf1 c5 27. Nd2 Re8 28. Nc4 b5 29. Nd6 Re6 30. Rxf7+ Kg8 31. Rd7 Bc6 32. Rd8+ Kg7 33. f3 Kf6 34. Ne4+ Bxe4 35. fxe4 Ra6 36. a3 b4 37. axb4 cxb4 38. cxb4 Rb6 39. Rd2 Rxb4 40. Re2 Kg5 41. Kf2 Kf4 42. h3 Rb3 43. Ke1 g5 44. Kd1 Rb8 45. Kc2 Rc8+ 46. Kd2 Rd8+ 47. Ke1 g4 48. hxg4 Kxg4 49. b4 Rb8 50. Rb2 Kf4 51. b5 Kxe4 52. Ke2 Rb6 53. Rb4+ Kd5 54. Ke3 Kc5 55. Rb1 Rxb5 56. Rxb5+ Kxb5 57. Ke4 Kc4 58. Kxe5 Kd3 59. Kf6 Ke3 60. Kg7 Kf4 61. g3+ Kxg3 62. Kxh7 1/2-1/2

[Event "Wch Blitz (Women)"]
[Site "Almaty"]
[Date "2022.12.30"]
[Round "12"]
[White "Kaliakhmet, Elnaz"]
[Black "Machlik, Monika"]
[Result "0-1"]
[WhiteElo "1728"]
[BlackElo "2018"]
[PlyCount "69"]
[EventDate "2022.12.29"]
[EventType "swiss (blitz)"]
[EventRounds "17"]
[EventCountry "KAZ"]
[SourceTitle "CBM 211 Extra"]
[Source "ChessBase"]
[SourceDate "2023.01.31"]
[SourceVersion "1"]
[SourceVersionDate "2023.01.31"]
[SourceQuality "1"]

1. d4 Nf6 2. c4 e6 3. Nf3 Bb4+ 4. Bd2 a5 5. g3 b6 6. Bg2 Bb7 7. 0-0 0-0 8. Nc3 d6 9. Rc1 Nbd7 10. Nb5 Bxd2 11. Qxd2 Qb8 12. Rfd1 c6 13. Nc3 Ba6 14. b3 Qc7 15. e4 Rad8 16. Qe3 e5 17. d5 c5 18. Nh4 Rfe8 19. Rf1 Nf8 20. Nf5 Ng6 21. Qg5 Qb8 22. h4 Bc8 23. h5 Bxf5 24. Qxf5 Ne7 25. Qf3 h6 26. Kh2 Qc8 27. Bh3 Qb7 28. g4 Nh7 29. Qg2 g5 30. hxg6 Nxg6 31. Ne2 Qe7 32. Qg3 Ng5 33. Bg2 Qf6 34. Rce1 Nf4 35. Qf3 0-1

[Event "Wch Blitz (Women)"]
[Site "Almaty"]
[Date "2022.12.29"]
[Round "3"]
[White "Kaldarova, Ayaulym"]
[Black "Machlik, Monika"]
[Result "0-1"]
[WhiteElo "1804"]
[BlackElo "2018"]
[PlyCount "138"]
[EventDate "2022.12.29"]
[EventType "swiss (blitz)"]
[EventRounds "17"]
[EventCountry "KAZ"]
[SourceTitle "CBM 211 Extra"]
[Source "ChessBase"]
[SourceDate "2023.01.31"]
[SourceVersion "1"]
[SourceVersionDate "2023.01.31"]
[SourceQuality "1"]

1. Nf3 Nf6 2. c4 e6 3. g3 a6 4. Bg2 b5 5. b3 Bb7 6. 0-0 c5 7. d4 cxd4 8. Nxd4 Bxg2 9. Kxg2 bxc4 10. bxc4 Be7 11. Nc3 0-0 12. e4 Qc7 13. Qd3 Rc8 14. Na4 Nc6 15. Be3 Ne5 16. Qe2 Nxc4 17. Rac1 Nxe3+ 18. Qxe3 Qa5 19. Nc3 Bc5 20. Qd3 Qb6 21. Nb3 Ba3 22. Rb1 Qc7 23. Na4 Qc2 24. Qf3 Qc7 25. e5 Nd5 26. Nd4 Be7 27. Rfc1 Qa5 28. Qd1 h6 29. h4 Qd8 30. Qb3 Rcb8 31. Qd3 Qa5 32. Nb2 Nb4 33. Qf3 Qxe5 34. Nb3 Nxa2 35. Re1 Qb5 36. Nd4 Qa5 37. Nf5 exf5 38. Rxe7 Nc3 39. Rbe1 Ne4 40. Nc4 Qc5 41. Rxd7 Qxc4 42. g4 Nf6 43. Rde7 fxg4 44. Qg3 Qd5+ 45. Kh2 Re8 46. R1e5 Qc6 47. Qe3 Rxe7 48. Rxe7 Qd6+ 49. Kg2 Qd5+ 50. Kh2 Qd6+ 51. Kg2 a5 52. Re5 Qc6+ 53. Kh2 a4 54. Qa3 Qc7 55. Qg3 Qb7 56. Re3 a3 57. Rxa3 Rxa3 58. Qxa3 Qf3 59. Qxf3 gxf3 60. Kg3 Kf8 61. Kxf3 Ke7 62. Kf4 Ke6 63. f3 Nd5+ 64. Kg4 Kf6 65. f4 Ne3+ 66. Kf3 Nf5 67. Kg4 Ne7 68. Kf3 Kf5 69. Kg3 Nd5 0-1

[Event "Wch Blitz (Women)"]
[Site "Almaty"]
[Date "2022.12.29"]
[Round "7"]
[White "Machlik, Monika"]
[Black "Schulze, Lara"]
[Result "1-0"]
[WhiteElo "2018"]
[BlackElo "2166"]
[PlyCount "124"]
[EventDate "2022.12.29"]
[EventType "swiss (blitz)"]
[EventRounds "17"]
[EventCountry "KAZ"]
[SourceTitle "CBM 211 Extra"]
[Source "ChessBase"]
[SourceDate "2023.01.31"]
[SourceVersion "1"]
[SourceVersionDate "2023.01.31"]
[SourceQuality "1"]

1. d4 d5 2. c4 e6 3. Nc3 a6 4. c5 b6 5. cxb6 c5 6. e3 Nf6 7. Nf3 Be7 8. Bd3 c4 9. Bc2 Nbd7 10. e4 dxe4 11. Nxe4 Nxb6 12. 0-0 0-0 13. Bf4 Bb7 14. Re1 Nbd5 15. Be5 Nb4 16. Nxf6+ Bxf6 17. Be4 Bxe4 18. Rxe4 Rc8 19. Qe2 Nd5 20. Rc1 c3 21. b3 a5 22. Ne1 Nb4 23. a3 Nd5 24. Nd3 Qe7 25. Nc5 Bxe5 26. Rxe5 Qh4 27. Re4 Qg5 28. Rc2 Rfd8 29. h4 Qf5 30. Re5 Nf4 31. Qe4 Qxe4 32. Rxe4 Nd5 33. Kf1 Kf8 34. Ke2 Rb8 35. Kd3 Ke7 36. g3 Rb5 37. Kc4 Rbb8 38. Re1 Nb6+ 39. Kd3 Nd5 40. Kc4 Kf6 41. Ne4+ Ke7 42. Nc5 Rd6 43. Kd3 Rc8 44. Kc4 Nb6+ 45. Kb5 Rb8 46. Na6 Rd5+ 47. Kc6 Rd6+ 48. Kb5 Rb7 49. Nc5 Rc7 50. Na6 Rc8 51. Kxa5 Nd7 52. Nb4 Rxd4 53. Kb5 Rd2 54. Rcc1 Rb8+ 55. Kc4 Rc8+ 56. Kb5 Rb2 57. Nc6+ Kd6 58. Red1+ Kc7 59. Na5 Rb8+ 60. Kc4 Rxf2 61. Rxc3 Rf5 62. Kd3+ Kd8 1-0

[Event "Wch Blitz (Women)"]
[Site "Almaty"]
[Date "2022.12.29"]
[Round "6"]
[White "Savitha Shri, B."]
[Black "Machlik, Monika"]
[Result "1-0"]
[WhiteElo "2311"]
[BlackElo "2018"]
[PlyCount "71"]
[EventDate "2022.12.29"]
[EventType "swiss (blitz)"]
[EventRounds "17"]
[EventCountry "KAZ"]
[SourceTitle "CBM 211 Extra"]
[Source "ChessBase"]
[SourceDate "2023.01.31"]
[SourceVersion "1"]
[SourceVersionDate "2023.01.31"]
[SourceQuality "1"]

1. e4 c6 2. Nf3 d5 3. d3 Bg4 4. h3 Bxf3 5. Qxf3 e6 6. Be2 Nd7 7. Qg3 Ne7 8. 0-0 Ng6 9. Be3 Bc5 10. d4 Be7 11. e5 c5 12. c3 cxd4 13. cxd4 Bh4 14. Qg4 h5 15. Qf3 Bg5 16. Nc3 a6 17. Bd3 Ngf8 18. Qg3 Bxe3 19. fxe3 g6 20. Rf3 Qe7 21. Raf1 Rh7 22. e4 Nb6 23. exd5 Nxd5 24. Be4 0-0-0 25. Qf2 Rd7 26. Na4 Kb8 27. Nc5 Rc7 28. Qg3 g5 29. Bxh7 Nxh7 30. Rxf7 Qxf7 31. Rxf7 Rxf7 32. Nxe6 h4 33. Qb3 Nf4 34. Nxf4 Rxf4 35. Qg8+ Nf8 36. e6 1-0

[Event "Wch Rapid (Women)"]
[Site "Almaty"]
[Date "2022.12.27"]
[Round "6"]
[White "Bayasgalan, Khishigbaatar"]
[Black "Machlik, Monika"]
[Result "1-0"]
[WhiteElo "1812"]
[BlackElo "2073"]
[PlyCount "59"]
[EventDate "2022.12.26"]
[EventType "swiss (rapid)"]
[EventRounds "11"]
[EventCountry "KAZ"]
[SourceTitle "CBM 211 Extra"]
[Source "ChessBase"]
[SourceDate "2023.01.31"]
[SourceVersion "1"]
[SourceVersionDate "2023.01.31"]
[SourceQuality "1"]

1. d4 Nf6 2. Nc3 d5 3. Bg5 Nbd7 4. f3 c5 5. dxc5 Qa5 6. Bxf6 Nxf6 7. Qd4 e5 8. Qxe5+ Be6 9. e4 Bxc5 10. 0-0-0 dxe4 11. Bb5+ Kf8 12. Qxc5+ Kg8 13. Qa3 Qb6 14. fxe4 h6 15. Nf3 Ng4 16. Rhe1 Kh7 17. h3 Nf6 18. e5 Nh5 19. Bd3+ g6 20. Ne4 Rhc8 21. Nf6+ Nxf6 22. exf6 Rc5 23. Rxe6 fxe6 24. Ne5 Qc7 25. Bxg6+ Kg8 26. Bf7+ Kf8 27. Qg3 Rxc2+ 28. Kb1 Rxb2+ 29. Kxb2 Qb6+ 30. Ka1 1-0

[Event "Wch Rapid (Women)"]
[Site "Almaty"]
[Date "2022.12.26"]
[Round "4"]
[White "Arabidze, Meri"]
[Black "Machlik, Monika"]
[Result "1-0"]
[WhiteElo "2333"]
[BlackElo "2073"]
[PlyCount "81"]
[EventDate "2022.12.26"]
[EventType "swiss (rapid)"]
[EventRounds "11"]
[EventCountry "KAZ"]
[SourceTitle "CBM 211 Extra"]
[Source "ChessBase"]
[SourceDate "2023.01.31"]
[SourceVersion "1"]
[SourceVersionDate "2023.01.31"]
[SourceQuality "1"]

1. d4 Nf6 2. c4 e6 3. Nf3 Bb4+ 4. Bd2 a5 5. g3 d6 6. Bg2 Nc6 7. 0-0 e5 8. Bg5 exd4 9. Nxd4 Nxd4 10. Qxd4 h6 11. Bxf6 Qxf6 12. Qxf6 gxf6 13. a3 Bc5 14. Nc3 a4 15. Nd5 Kd8 16. e3 f5 17. Rac1 c6 18. Nf4 Be6 19. Rfd1 Kc7 20. Bf1 Rhg8 21. Bd3 Kd7 22. Rc3 Ke7 23. Be2 Ra6 24. Nd3 Rb6 25. Kf1 Re8 26. Ke1 Rg8 27. Rd2 Re8 28. Kd1 Rb8 29. Kc1 Rg8 30. Bd1 Ra8 31. Bc2 Rba6 32. Re2 Rg8 33. Nxc5 dxc5 34. e4 fxe4 35. Rxe4 Raa8 36. f4 Kf6 37. f5 Bd7 38. Rd3 Bc8 39. Rd6+ Kg7 40. Rg4+ Kh8 41. Rxh6# 1-0

[Event "NOR-chT Elite 2223"]
[Site "Norway"]
[Date "2022.11.13"]
[Round "3.43"]
[White "Hauge, Lars Oskar"]
[Black "Machlik, Monika"]
[Result "1-0"]
[WhiteElo "2518"]
[BlackElo "2118"]
[PlyCount "57"]
[EventDate "2022.11.11"]
[EventType "team-tourn"]
[EventRounds "9"]
[EventCountry "NOR"]
[SourceTitle "CBM 211 Extra"]
[Source "ChessBase"]
[SourceDate "2023.01.31"]
[SourceVersion "1"]
[SourceVersionDate "2023.01.31"]
[SourceQuality "1"]
[WhiteTeam "OSS"]
[BlackTeam "Tromsoe"]
[WhiteTeamCountry "NOR"]
[BlackTeamCountry "NOR"]

1. d4 Nf6 2. Bg5 e6 3. e4 h6 4. Bxf6 Qxf6 5. c3 d6 6. Bd3 Qg6 7. g3 e5 8. Nd2 Be7 9. Ne2 Nc6 10. d5 Nb8 11. Qc2 c6 12. 0-0-0 Nd7 13. f4 Nc5 14. dxc6 bxc6 15. Kb1 0-0 16. f5 Qf6 17. g4 d5 18. h4 Qd6 19. Ng3 Rd8 20. Be2 a5 21. Nf3 Ba6 22. c4 Qc7 23. g5 dxe4 24. Nxe4 Rxd1+ 25. Rxd1 hxg5 26. hxg5 Bb7 27. f6 Nxe4 28. Qxe4 Bf8 29. Rh1 1-0

[Event "Olympiad Women-44"]
[Site "Chennai"]
[Date "2022.08.05"]
[Round "7.1"]
[White "Vargas, Gabriela"]
[Black "Machlik, Monika"]
[Result "1/2-1/2"]
[WhiteElo "2140"]
[BlackElo "2111"]
[PlyCount "73"]
[EventDate "2022.07.29"]
[EventType "team-swiss"]
[EventRounds "11"]
[EventCountry "IND"]
[SourceTitle "CBM 210"]
[Source "ChessBase"]
[SourceDate "2022.10.31"]
[SourceVersion "1"]
[SourceVersionDate "2022.10.31"]
[SourceQuality "1"]
[WhiteTeam "Paraguay (W)"]
[BlackTeam "Norway (W)"]
[WhiteTeamCountry "PAR"]
[BlackTeamCountry "NOR"]

1. d4 Nf6 2. Nf3 e6 3. e3 b6 4. Bd3 Bb7 5. Nbd2 c5 6. b3 Be7 7. 0-0 Nc6 8. a3 0-0 9. Bb2 Re8 10. Rc1 Rc8 11. Re1 d5 12. Ne5 Nxe5 13. dxe5 Ne4 14. Bb5 Rf8 15. Nxe4 dxe4 16. Qe2 Qc7 17. Rcd1 Rfd8 18. a4 Rxd1 19. Rxd1 Rd8 20. g3 Rxd1+ 21. Qxd1 Qd8 22. Qe1 a5 23. Bf1 Qd5 24. c4 Qd7 25. Bc3 Bd8 26. Qb1 Be7 27. Bg2 Qc6 28. h4 h6 29. Kh2 Bd8 30. Qd1 Be7 31. Kh3 Kf8 32. Qg4 Kg8 33. Kh2 Kf8 34. Kh3 Kg8 35. Kh2 Kf8 36. Kh3 Kg8 37. Kh2 1/2-1/2

[Event "Olympiad Women-44"]
[Site "Chennai"]
[Date "2022.08.02"]
[Round "5.1"]
[White "Unuk, Laura"]
[Black "Machlik, Monika"]
[Result "1-0"]
[WhiteElo "2340"]
[BlackElo "2111"]
[PlyCount "59"]
[EventDate "2022.07.29"]
[EventType "team-swiss"]
[EventRounds "11"]
[EventCountry "IND"]
[SourceTitle "CBM 210"]
[Source "ChessBase"]
[SourceDate "2022.10.31"]
[SourceVersion "1"]
[SourceVersionDate "2022.10.31"]
[SourceQuality "1"]
[WhiteTeam "Slovenia (W)"]
[BlackTeam "Norway (W)"]
[WhiteTeamCountry "SLO"]
[BlackTeamCountry "NOR"]

1. e4 c5 2. Nc3 Nc6 3. g3 g6 4. Bg2 Bg7 5. Nf3 e6 6. 0-0 Nge7 7. Re1 e5 8. d3 d6 9. Nd2 0-0 10. Nc4 a6 11. a4 Be6 12. Nd5 Rb8 13. a5 Nd4 14. c3 Nb5 15. f4 Nc7 16. Ncb6 Nc8 17. Be3 Nxb6 18. Nxb6 Nb5 19. fxe5 Bxe5 20. Qd2 Bg7 21. Rf1 Nc7 22. Bg5 f6 23. Bf4 Qe7 24. Rae1 Qd8 25. d4 cxd4 26. Qxd4 Nb5 27. Qd2 g5 28. Be3 Qc7 29. c4 Na7 30. Nd5 1-0

[Event "Olympiad Women-44"]
[Site "Chennai"]
[Date "2022.08.01"]
[Round "4.1"]
[White "Machlik, Monika"]
[Black "Quevedo, Andreina"]
[Result "1-0"]
[WhiteElo "2111"]
[BlackElo "1841"]
[PlyCount "77"]
[EventDate "2022.07.29"]
[EventType "team-swiss"]
[EventRounds "11"]
[EventCountry "IND"]
[SourceTitle "CBM 210"]
[Source "ChessBase"]
[SourceDate "2022.10.31"]
[SourceVersion "1"]
[SourceVersionDate "2022.10.31"]
[SourceQuality "1"]
[WhiteTeam "Norway (W)"]
[BlackTeam "Uruguay (W)"]
[WhiteTeamCountry "NOR"]
[BlackTeamCountry "URU"]

1. d4 Nf6 2. c4 e6 3. Nc3 Bb4 4. Qc2 Nc6 5. Nf3 d6 6. Bd2 0-0 7. a3 Bxc3 8. Bxc3 Re8 9. e3 a5 10. b3 Qe7 11. Be2 e5 12. dxe5 dxe5 13. 0-0 Bg4 14. Rfd1 Red8 15. Qb2 e4 16. Nd4 Nxd4 17. Bxd4 Bxe2 18. Qxe2 b6 19. Bb2 Rxd1+ 20. Rxd1 Rd8 21. h3 Rd6 22. Rxd6 Qxd6 23. Bxf6 Qxf6 24. Qg4 Qa1+ 25. Kh2 Qe5+ 26. Qg3 Qe7 27. a4 f5 28. Qf4 Qd7 29. Qe5 Kf7 30. Kg3 g5 31. h4 Kg6 32. hxg5 Kxg5 33. f3 exf3 34. gxf3 h6 35. e4 Qd6 36. f4+ Kg6 37. Qxf5+ Kg7 38. e5 Qd1 39. Qg4+ 1-0

[Event "Kragero (Women)"]
[Site "Kragero"]
[Date "2022.06.05"]
[Round "8"]
[White "Machlik, Monika"]
[Black "Hryzlova, Sofiia"]
[Result "1/2-1/2"]
[WhiteElo "2128"]
[BlackElo "2165"]
[PlyCount "98"]
[EventDate "2022.06.02"]
[EventType "tourn"]
[EventRounds "9"]
[EventCountry "NOR"]
[SourceTitle "CBM 208 Extra"]
[Source "ChessBase"]
[SourceDate "2022.07.31"]
[SourceVersion "1"]
[SourceVersionDate "2022.07.31"]
[SourceQuality "1"]

1. d4 d5 2. c4 e6 3. Nc3 a6 4. c5 e5 5. dxe5 d4 6. Na4 Nc6 7. Nf3 Bf5 8. Qb3 Nge7 9. e3 d3 10. Bd2 Ng6 11. Bc3 Qd7 12. Qxb7 Rd8 13. 0-0-0 Be7 14. b3 0-0 15. Qxa6 Qd5 16. Nb2 Ngxe5 17. Nxe5 Nxe5 18. Qa4 Qxc5 19. Qa5 Qxa5 20. Bxa5 Ng4 21. Rd2 Ra8 22. b4 c5 23. Bxd3 Be6 24. Be4 Ra6 25. Nd3 cxb4 26. Bxb4 Bxb4 27. Nxb4 Ra4 28. Rd4 Nxf2 29. Rf1 Nxe4 30. Rxe4 Rb8 31. Rd1 g6 32. Nc6 Rxe4 33. Nxb8 Rxe3 34. Rd2 Kg7 35. Nd7 Ra3 36. Kb1 Ra5 37. Nb6 Kf6 38. a4 Ke5 39. Kb2 Ra6 40. Nd7+ Bxd7 41. Rxd7 Rxa4 42. Rxf7 Rh4 43. h3 Rf4 44. Rxh7 Rf2+ 45. Kc1 Rxg2 46. Kd1 Kf4 47. Ke1 Kg3 48. h4 Kg4 49. Kf1 Ra2 1/2-1/2

[Event "Kragero (Women)"]
[Site "Kragero"]
[Date "2022.06.04"]
[Round "6"]
[White "Machlik, Monika"]
[Black "Arutyunova, Diana"]
[Result "1/2-1/2"]
[WhiteElo "2128"]
[BlackElo "2160"]
[PlyCount "28"]
[EventDate "2022.06.02"]
[EventType "tourn"]
[EventRounds "9"]
[EventCountry "NOR"]
[SourceTitle "CBM 208 Extra"]
[Source "ChessBase"]
[SourceDate "2022.07.31"]
[SourceVersion "1"]
[SourceVersionDate "2022.07.31"]
[SourceQuality "1"]

1. d4 Nf6 2. c4 g6 3. Nc3 Bg7 4. Nf3 0-0 5. g3 d5 6. cxd5 Nxd5 7. Bg2 c5 8. 0-0 cxd4 9. Nxd4 Nxc3 10. bxc3 Nd7 11. Ba3 Re8 12. Qb3 Nb6 13. Bc5 Nd7 14. Ba3 Nb6 1/2-1/2

[Event "Kragero (Women)"]
[Site "Kragero"]
[Date "2022.06.04"]
[Round "5"]
[White "Machlik, Monika"]
[Black "Rakhmangulova, Anastasiya"]
[Result "0-1"]
[WhiteElo "2128"]
[BlackElo "2239"]
[PlyCount "134"]
[EventDate "2022.06.02"]
[EventType "tourn"]
[EventRounds "9"]
[EventCountry "NOR"]
[SourceTitle "CBM 208 Extra"]
[Source "ChessBase"]
[SourceDate "2022.07.31"]
[SourceVersion "1"]
[SourceVersionDate "2022.07.31"]
[SourceQuality "1"]

1. d4 g6 2. c4 Bg7 3. Nc3 d6 4. e4 e5 5. Nge2 Nc6 6. Be3 exd4 7. Nxd4 Nge7 8. Be2 0-0 9. 0-0 f5 10. exf5 Bxd4 11. Bxd4 Nxf5 12. Be3 Nxe3 13. fxe3 Rxf1+ 14. Qxf1 Be6 15. Qf4 Qe7 16. Rf1 a6 17. h3 Rf8 18. Qxf8+ Qxf8 19. Rxf8+ Kxf8 20. b3 Ke7 21. Bf3 Kf6 22. Kf2 Ke5 23. Ke2 g5 24. Kd2 h6 25. Nd1 Bf5 26. Nf2 Nd8 27. e4 Bg6 28. Ke3 h5 29. Nd3+ Kf6 30. c5 dxc5 31. Nxc5 a5 32. Nd7+ Ke7 33. Ne5 Be8 34. g3 b6 35. h4 Kf6 36. Nd3 g4 37. Be2 Nc6 38. Kf4 Nd4 39. Bd1 Bb5 40. Nf2 Ne6+ 41. Ke3 Ke5 42. Bc2 Nc5 43. Bb1 Bc6 44. Bc2 b5 45. Bb1 b4 46. Bc2 Bb5 47. Bb1 a4 48. bxa4 Bxa4 49. Bd3 Bc6 50. Bc2 Be8 51. Bb3 c6 52. Bc4 Bg6 53. Bd3 Bf7 54. Bb1 Bc4 55. Nd1 Nb7 56. Nb2 Nd6 57. Bc2 c5 58. Bb1 Bb5 59. Bc2 c4 60. Nd1 c3 61. Nf2 Nc4+ 62. Ke2 Na3+ 63. Kd1 Nxc2 64. Kxc2 Kd4 65. Kc1 Bc4 66. Kb1 Ke3 67. Nxg4+ hxg4 0-1

[Event "Kragero (Women)"]
[Site "Kragero"]
[Date "2022.06.03"]
[Round "3"]
[White "Machlik, Monika"]
[Black "Sagafos, Magne"]
[Result "0-1"]
[WhiteElo "2128"]
[BlackElo "2361"]
[PlyCount "88"]
[EventDate "2022.06.02"]
[EventType "tourn"]
[EventRounds "9"]
[EventCountry "NOR"]
[SourceTitle "CBM 208 Extra"]
[Source "ChessBase"]
[SourceDate "2022.07.31"]
[SourceVersion "1"]
[SourceVersionDate "2022.07.31"]
[SourceQuality "1"]

1. d4 Nf6 2. c4 g6 3. Nc3 Bg7 4. Nf3 d6 5. g3 0-0 6. Bg2 c6 7. 0-0 Qb6 8. Re1 Bg4 9. h3 Bxf3 10. Bxf3 Nfd7 11. Rb1 Qxd4 12. Qxd4 Bxd4 13. Nb5 Bb6 14. Be3 Ne5 15. c5 dxc5 16. Nc3 Nbd7 17. Na4 Nc4 18. Red1 Rfd8 19. Bg5 f6 20. Bg4 Nf8 21. Bh6 Ne5 22. Bxf8 Kxf8 23. Be6 Rd6 24. Bb3 c4 25. Bc2 Rad8 26. Kf1 Rxd1+ 27. Rxd1 Rxd1+ 28. Bxd1 Nd7 29. h4 Ba5 30. Bc2 b5 31. Nc3 Bxc3 32. bxc3 Nc5 33. Ke1 e5 34. h5 Kg7 35. hxg6 hxg6 36. Kd2 g5 37. Ke3 Kf7 38. f4 a5 39. a3 Ke6 40. fxg5 fxg5 41. Kf3 e4+ 42. Kg4 Kf6 43. e3 Nd3 44. a4 Nc5 0-1

[Event "Kragero (Women)"]
[Site "Kragero"]
[Date "2022.06.02"]
[Round "2"]
[White "Doluhanova, Evgeniya"]
[Black "Machlik, Monika"]
[Result "1-0"]
[WhiteElo "2275"]
[BlackElo "2128"]
[PlyCount "63"]
[EventDate "2022.06.02"]
[EventType "tourn"]
[EventRounds "9"]
[EventCountry "NOR"]
[SourceTitle "CBM 208 Extra"]
[Source "ChessBase"]
[SourceDate "2022.07.31"]
[SourceVersion "1"]
[SourceVersionDate "2022.07.31"]
[SourceQuality "1"]

1. c4 e5 2. d3 Nf6 3. a3 d5 4. cxd5 Nxd5 5. Nf3 Nc6 6. e4 Nf6 7. Be2 Bg4 8. Nbd2 Bd6 9. b4 a6 10. h3 Be6 11. Bb2 0-0 12. 0-0 Qe7 13. Rc1 Rad8 14. Re1 Nd7 15. Nc4 f6 16. Nxd6 Qxd6 17. Qc2 Qe7 18. d4 exd4 19. Bxd4 Qf7 20. Be3 Ndb8 21. Bf4 Rd7 22. Qc3 Kh8 23. a4 Ne7 24. Nd4 f5 25. Be5 Ba2 26. exf5 Nxf5 27. Nxf5 Qxf5 28. Bg3 Qg6 29. Bg4 Rdf7 30. Re2 Bb1 31. Re6 Qd3 32. Qb2 1-0

[Event "NOR-chT Clubs"]
[Site "Drammen"]
[Date "2022.05.26"]
[Round "2"]
[White "Machlik, Monika"]
[Black "Bekkelien, Lewi"]
[Result "1-0"]
[WhiteElo "2134"]
[BlackElo "1906"]
[PlyCount "51"]
[EventDate "2022.05.26"]
[EventType "team-swiss"]
[EventRounds "6"]
[EventCountry "NOR"]
[SourceTitle "EXT 2024"]
[Source "ChessBase"]
[SourceDate "2023.10.10"]
[SourceVersion "1"]
[SourceVersionDate "2023.10.10"]
[SourceQuality "1"]
[WhiteTeam "Tromsoe"]
[BlackTeam "Asker II"]
[WhiteTeamCountry "NOR"]
[BlackTeamCountry "NOR"]

1. d4 Nf6 2. c4 Nc6 3. Nc3 e5 4. d5 Ne7 5. h4 Neg8 6. Nf3 Ng4 7. a3 a5 8. Qc2 Bc5 9. Nd1 Ne7 10. e4 0-0 11. Bd3 d6 12. 0-0 f5 13. exf5 Nxf5 14. Bg5 Qe8 15. Nc3 h6 16. Bd2 Ng3 17. Ne4 Nxf1 18. Rxf1 Ba7 19. c5 Qe7 20. b4 Bf5 21. Bc3 Rf7 22. Qa4 dxc5 23. bxc5 Bxc5 24. Nxc5 Qxc5 25. Bxf5 Rxf5 26. Qxg4 1-0

[Event "Fagernes op"]
[Site "Fagernes"]
[Date "2022.04.15"]
[Round "7"]
[White "Strand, Vetle Bjorge"]
[Black "Machlik, Monika"]
[Result "0-1"]
[WhiteElo "2018"]
[BlackElo "2122"]
[PlyCount "112"]
[EventDate "2022.04.10"]
[EventType "swiss"]
[EventRounds "9"]
[EventCountry "NOR"]
[SourceTitle "CBM 207 Extra"]
[Source "ChessBase"]
[SourceDate "2022.05.31"]
[SourceVersion "1"]
[SourceVersionDate "2022.05.31"]
[SourceQuality "1"]

1. d4 Nf6 2. Nc3 d5 3. Bf4 a6 4. e3 b5 5. Bd3 Bb7 6. Nf3 e6 7. 0-0 c5 8. dxc5 Bxc5 9. h3 Nbd7 10. Re1 0-0 11. a3 Qb6 12. b4 Bd6 13. Bxd6 Qxd6 14. e4 Qc7 15. Qd2 Rfc8 16. e5 Qxc3 17. Qxc3 Rxc3 18. exf6 Nxf6 19. a4 bxa4 20. Rxa4 Ne8 21. Nd4 Nc7 22. Nb3 g6 23. Nc5 Bc6 24. Ra5 Rb8 25. Rb1 Bb5 26. Nxa6 Bxa6 27. Bxa6 Nxa6 28. Rxa6 Rxc2 29. b5 Rc5 30. b6 Rc6 31. Kf1 Kg7 32. Ke2 Kf6 33. Kd3 Ke5 34. Ra7 f5 35. b7 Kd6 36. g3 Kc7 37. Kd4 Rb6 38. Rxb6 Kxb6 39. Ra2 Kxb7 40. Ke5 Kc6 41. Kxe6 Re8+ 42. Kf7 Re1 43. Ra8 d4 44. Rd8 Kc5 45. Kg7 Re6 46. Kxh7 Rd6 47. Rc8+ Kb4 48. Rb8+ Kc3 49. Rc8+ Kd2 50. g4 d3 51. gxf5 gxf5 52. Re8 Kc2 53. Rc8+ Kb3 54. Rb8+ Kc3 55. Rc8+ Kd4 56. Rc1 d2 0-1